00433pab a2200145 454500008004000000100002200040245007100062260000900133300001300142362001000155650003800165650003300203650001700236773003400253180718b2013 xxu||||| |||| 00| 0 eng d aPhilipose, Pamela aAnxieties in the republic: Media metamorphosis and popular protest c2013 ap.20-22. a9 Feb aProtest movements - India - Delhi aSexual abuse - India - Delhi aSexual abuse aEconomic and Political Weekly